000 00563nam a2200169Ia 4500
005 20250218144405.0
008 231217s9999 xx 000 0 und d
020 _a8178810174300
082 _a657 SEE.3;1 R
100 _aSeethapathi, K. Srinivas, N. Padmavathi, C [et al...]
245 0 _aAccounting standards V.3 : construction contracts, revenue recognition
260 _c2002
_bIcfai
_aHyderabad
300 _avi, 161+xiv
400 _aAccounting series
650 _aAccounting,standards,V.3,construction,contracts,,revenue,recognition
942 _cAA
999 _c186896
_d186896